Sudan, or South Sudan? - Statistics

General Stats
  • This quiz has been taken 284 times
    279 since last reset
  • The average score is 10 of 15
Answer Stats
Question Answer % Correct
Became independent in 2011 South Sudan
100%
Was a largest country in Africa by area until 2011 Sudan
100%
Landlocked South Sudan
86%
Is a member of Organization of Islamic Cooperation Sudan
86%
A vast swamp called "Sudd" is located South Sudan
79%
Has a World Heritage site Sudan
79%
Its capital is located where Blue Nile and White Nile meets Sudan
71%
Has a border with Chad Sudan
71%
English is one of its official languages Both
64%
Have ever won an Olympic medal Sudan
64%
The capital of "Mahdist State" (1885-1898), a (de facto) independent state, was located Sudan
57%
Claims Hala'ib Triangle as its territory Sudan
57%
Claims Abyei Area as its territory Both
50%
Fashoda Incident took place in 1898 South Sudan
43%
Its time zone is 3 hours ahead of Coordinate Universal Time South Sudan
14%
No matching quizzes found
Score Distribution
Percent of People with Each Score
Percentile by Number Answered
Your Score History
You have not taken this quiz since the last reset